| 000 | 01072 a2200229 4500 | ||
|---|---|---|---|
| 001 | 3344 | ||
| 005 | 20260407155427.0 | ||
| 008 | 260407a2008 arg spa d | ||
| 003 | AR-UNSa-BCEJYS | ||
| 040 |
_aAR-UNSa-BCEJYS _bspa _cAR-UNSa-BCEJYS |
||
| 080 |
_a347.7 _xDerecho Mercantil. Derecho Comercial |
||
| 245 | 1 | 0 |
_aDerecho comercial y económico _pParte general |
| 020 | _a978-950-508-204-9 | ||
| 250 | _a6a. reimp. | ||
| 264 | 1 |
_aBuenos Aires : _bAstrea _c2008 |
|
| 300 |
_axxxi, 589 p. _c23 cm. |
||
| 505 | _a1. Nociones generales y antecedentes históricos - 2. Concepto, caracteres y fuentes del derecho comercial - 3. Principios informantes o principios generales del derecho comercial - 4. Los actos de comercio - 5. El comerciante. El empresario - 6. Estatuto del comerciante o empresario individual - 7. La empresa | ||
| 942 | _cBK | ||
| 590 | _aniveau_biblio:m niveau_hierar:0 | ||
| 100 | 1 | _aEtcheverry, Raúl Aníbal | |
| 856 | 4 | 1 |
_uhttps://biblioeco.unsa.edu.ar/pmb/images/libros/Derechos Comerciales y Economico-l116966.jpg _yImagen de portada _qimage/jpeg |
| 999 |
_c313 _d313 |
||